00658nam a22002177a 4500008004100000020001500041037001500056040003500071041000800106082001400114100003900128245005500167246003900222264005000261300003000311586003600341650001900377650001900396650000300415700002200418240320t1977 ck gr 000 p spa d a8475302025 3Donación aCO-JMCRcCO-JMCRdCO-JMCRerda0 aspa04aA-PbMONh1 eautoraMontale, Eugeniod1896-198110aHuesos de sepia y otros poemas / cEugenio Montale aTutte le poesie di Eugenio Montale aBogotá : bEdiciones Orbis, S.A. , c©1977 a220 páginas : c20 cm.  aPremio Nobel de Literatura 197514ySiglo XIX - XX24ySiglo XIX - XX34 aFrabetti, Carlo,